1920s Slang Quiz Stats

 Plays Quiz Updated May 30, 2014

Support Sporcle.
Go Orange.
Score 0/23 Timer 05:00
3 Plays Today
% Correct
Drunk
94.1%
Drunk
92.5%
Drunk
91.4%
You're hilarious
89.8%
Talk to someone who cares
88.7%
Drunk
88.6%
Know what you're talking about
87.9%
A prudish woman
86.1%
It's all O.K.
85.9%
Give me a cigarette
85.6%
The best
84.1%
It's time to go
82.4%
% Correct
An unfun person
79.8%
Malarkey!
79.4%
Legs
77.1%
Dollars
74.1%
Drunk
73.6%
Cheap wine
73%
How disappointing!
68%
Purchase whiskey
49.1%
Tea
48.5%
Throw up
48.1%
Flappers' boyfriends
40.9%

From the Vault

Last Five Presidents

by rainbownia

History 8m
This may be the 'last' quiz you see on U.S. politics for a while. We all might need a break.
Remove Ads.
Support Sporcle.
Get the best of Sporcle when you Go Orange. This ad-free experience offers more features, more stats, and more fun while also helping to support Sporcle. Thank you for becoming a member.

Show Comments

Extras

Top Quizzes Today


Score Distribution

Your Account Isn't Verified!

In order to create a playlist on Sporcle, you need to verify the email address you used during registration. Go to your Sporcle Settings to finish the process.

Report this User

Report this user for behavior that violates our Community Guidelines.

Details: